LEADER 01525nam a2200325 u 4500 001 000000040690 003 CaOOAMICUS 005 20100611155011.0 008 980529s1567 it u001 u lat r 026 $at.em iodi$bfie-niD. (3)$c1567 (R) 035 $a10796954 040 $aPUL(R)$bita$dSara 110 1 $aPergola (Italia).$0(OLS)http://pul/name/30005 245 10$aStatuta terrae Pergulae. 260 $aPisauri :$bapud Hieronymum Concordiam,$c1567. 300 $a134 c. ;$cfol. (32 cm). 500 $aIniziali e fregi xil. 500 $aSegnatura: A4 B-T6 V8 X6 Y8. 500 $aInclude indici. 500 $aMarca tipografica: Fortezza (donna in piedi tiene sotto il braccio destro una colonna spezzata, con l'altro si appoggia al troncone di base). In cornice ovale. Motto: "Fortitudo mea dominus" (U675). 610 14$aPergola (Italia)$kStatuti.$0(OLS)http://pul/subject/36979 650 4$aStatuti comunali$zItalia.$0(OLS)http://pul/subject/6537 662 $aItalia$dPesaro.$0(OLS)http://pul/subject/35607 710 0 $aConcordia, Girolamo$4pbl.$0(OLS)http://pul/name/76643 850 $aPUL 852 $aPUL$W1$xDP1 Antico 500$y12$m181 E 5$j55273$nBK-PRI$qStampati Antico$B55273$CPULBib$Z2$F55273 $82 941 1 $a15 961 $aPrecedente collocazione: R I 53Nota mss. di possesso sul front.: "Di me me [sic] Niccolo' M.a Maffi [?] 996 $6245$aStatuta terrae Pergulae$9(OLS)http://pul/title/54867 996 $6260$aPisauri :$bapud Hieronymum Concordiam$9(OLS)http://pul/publisher/64402 LEADER 01020nam a2200229 a 4500 001 000000140110 003 CaOOAMICUS 005 20141021094955.0 008 141021s1867 it af u000 u ita r 040 $aPUL$bita 100 1 $aBoero, Giuseppe,$cS.I.,$d1814-1884.$0(OLS)http://pul/name/3246 245 10$aRelazione della gloriosa morte di ducento e cinque beati martiri nel Giappone /$ccompilata dal p. Giuseppe Boero. 260 $aRoma :$bcoi tipi della Civiltà Cattolica,$c1867. 300 $a231 p., [1] p. di tav. :$bill. ;$c23 cm 650 4$aMartiri$zGiappone.$0(OLS)http://pul/subject/40817 850 $aPUL 852 $aPUL$W1$xDP1 Religione 1$y20$m621 C 22$j161845$qStampati$B161288$CPULBib$Z2$F161288 $82 941 1 $a8 961 $aPrecedente collocazione: Z II 6. 996 $6245$aRelazione della gloriosa morte di ducento e cinque beati martiri nel Giappone$9(OLS)http://pul/title/177362 996 $6260$aRoma :$bcoi tipi della Civiltà Cattolica$9(OLS)http://pul/publisher/48194